Clic L'argot dans les Tontons flingueurs - Statistiques

Statistiques générales
  • Ce quiz a été pris 64 fois
  • Le résultat moyen est 18 sur 33
Statistiques - réponses
Hint Réponse % Correct
Tronche Tête
88%
Buter Tuer
88%
Oseille Argent
85%
Mollo Doucement
85%
Came Drogue
85%
Tapin Prostituée
85%
Nana Femme
83%
Vioque Vieux
80%
Clamser Mourir
78%
Se tailler Partir
76%
Valoche Valise
76%
Canner Mourir
73%
Pige Année
71%
Vaps Vapeur
71%
Casquer Payer
68%
Cador Caïd
63%
Dessouder Tuer
63%
Taulier Patron
56%
Branque Cinglé
54%
Perdreau Policier
54%
Mouflette Petite fille
51%
Plombe Heure
46%
Latte Pied
39%
Defourailler Sortir une arme
39%
Repasser Tuer
32%
Carbure Argent
24%
Flinguer Tirer
24%
Béchamelle Avoir des ennuis
22%
Comac C'est bien
22%
Flamber Jouer
17%
Décarrer Sortir
15%
Velous Bénéfice
2%
Suif Chercher des noises
2%
Aucun quiz correspondant
Distribution des résultats
% des personnes avec chaque résultat
Percentile par nombre de réponses
Votre historique - résultats
Vous n’avez pas pris ce quiz